Future of UN peace operations: From an Indian perspective (Record no. 522932)

000 -LEADER
fixed length control field 01038nam a22001577a 4500
008 - FIXED-LENGTH DATA ELEMENTS--GENERAL INFORMATION
fixed length control field 230614b ||||| |||| 00| 0 eng d
100 ## - MAIN ENTRY--PERSONAL NAME
Personal name Sharma, K.K.
245 ## - TITLE STATEMENT
Title Future of UN peace operations: From an Indian perspective
260 ## - PUBLICATION, DISTRIBUTION, ETC. (IMPRINT)
Place of publication, distribution, etc U.S.I. Journal
300 ## - PHYSICAL DESCRIPTION
Extent 153(631), Jan-Mar, 2023: p.47-59
520 ## - SUMMARY, ETC.
Summary, etc Future of UN peace operations: From an Indian perspective
India has been a strong votary of UN peace operations since the 1950s.the fact that India contributed over 2. 55. 000 peacekeepers to as many as 49 UN missions, and 178 of the peacekeepers laid down their lives for the sake of international peace, is testimony towards our commitment. For an emerging complex future, marred with achromous discussions in the UN security council, the world needs new tools and restricted. – Reproduced
650 ## - SUBJECT ADDED ENTRY--TOPICAL TERM
Topical term or geographic name as entry element Peacekeeping forces, Peacekeeping forces (International law), United Nations, United Nations Peacekeeping forces
9 (RLIN) 41921
773 ## - HOST ITEM ENTRY
Main entry heading U.S.I. Journal
906 ## - LOCAL DATA ELEMENT F, LDF (RLIN)
Subject DIP UNITED NATIONS
942 ## - ADDED ENTRY ELEMENTS (KOHA)
Item type Articles
Holdings
Withdrawn status Lost status Source of classification or shelving scheme Damaged status Not for loan Permanent location Current location Date acquired Serial Enumeration / chronology Barcode Date last seen Koha item type
          Indian Institute of Public Administration Indian Institute of Public Administration 2023-06-14 153(631), Jan-Mar, 2023: p.47-59 AR128981 2023-06-14 Articles

Powered by Koha